000
00336nam a2200145Ia 4500
003
OSt
005
20231218111013.0
008
170524s9999 xx 000 0 und d
020
_a
9788174453761
040
_c
IIMT UNIVERSITY
100
_a
SINGH- MANOJ KUMAR
245
0
_a
MAKING OF NEWS
260
_b
MOHIT: NEW DELHI
942
_2
ddc
_c
01
999
_c
9035
_d
9035